Statistiken für Namen in Indiana Jones

Klicken Sie hier um das Quiz zu spielen!

Allgemein

  • Dieses Quiz wurde 13 mal gespielt
  • Das Durchschnittsergebnis liegt bei 6 aus 33

Antwortstatistiken

NachnameVorname% Korrekt
Henry Jr.
78%
WilliamsHenry
67%
JonesHenry Sr.
67%
CheLao
44%
BelloqRené
44%
BrodyMarcus
33%
DonovanWalter
33%
SchneiderElsa
22%
VogelErnst
22%
RavenwoodMarion
22%
RamMola
22%
RoundShort
22%
ScottWillie
22%
TohtArnold
11%
ShawBasil
11%
McHaleGeorge
11%
OxleyHarold
11%
Helena
11%
MuellerHerman
11%
DietrichHerman
11%
SpalkoIrina
11%
VollerJürgen
11%
El-KahirSallah
11%
KatangaSimon
11%
HanWu
11%
DovchenkoAntonin
0%
LalChattar
0%
WycroftJimmy
0%
LindseyJock
0%
KanKao
0%
RossRobert
0%
KumarTeddy
0%
SinghZalim
0%

Verteilung der Resultate

Perzentil nach korrekt beantworteten Fragen

Anzahl Personen mit jedem Resultat

Ihre Resultats-Entwicklung

Sie haben dieses Quiz noch nicht gespielt